=LDR 00000nam 2200000 4500 =001 INLIS000000000015548 =005 20130612110827 =008 ***********************************Indo** =035 ##$$0010-061300000015548 =041 ##$$a Indo =082 ##$$a r.500 =090 ##$$a R.500, Ker =100 ##$$a Kerrod Rabin =245 ##$$a Batuan Dan Mineral, Rabin Kerrod,Penerjemah P.E.Hehanusa =260 ##$$a 1979 $b Jakarta =300 ##$$a 44 hlm, ilus, 26 cm =650 ##$$a Ilmu Pengetahuan Murni-Batuan =850 ##$$a NBPNMAT